书目信息 |
| 题名: |
大学英语四级考试听写100篇
|
|
| 作者: | 庞继贤 , 傅莹 编 | |
| 分册: | ||
| 出版信息: | 上海 上海外语教育出版社 2006.05 |
|
| 页数: | 194页 | |
| 开本: | 26cm | |
| 丛书名: | CET710分百篇训练丛书 | |
| 单 册: | ||
| 中图分类: | H319.9 | |
| 科图分类: | ||
| 主题词: | 英语--ying yu--写作--大学英语水平考试--教学参考资 , 英语--ying yu--视听教学--大学英语水平考试--教学参考资料 | |
| 电子资源: | ||
| ISBN: | 7-81095-989-1 | |
| 000 | 01076nam 2200265 450 | |
| 001 | 012006208274 | |
| 005 | 20060926152216.01 | |
| 010 | @a7-81095-989-1@dCNY17.00 | |
| 100 | @a20060829d2006 km y0chiy0120 ea | |
| 101 | 0 | @achi@aeng |
| 102 | @aCN@b310000 | |
| 105 | @aa z 000yy | |
| 200 | 1 | @a大学英语四级考试听写100篇@Ada xue ying yu si ji kao shi ting xie 100 pian@e新题型版@f庞继贤, 傅莹编@Fpang ji xian,fu ying bian |
| 210 | @a上海@c上海外语教育出版社@d2006.05 | |
| 215 | @a194页@c图@d26cm | |
| 225 | 2 | @aCET710分百篇训练丛书@ACET710 fen bai pian xun lian cong shu |
| 330 | @a本书分为三部分:听力技能的讲解及相应技能的训练、各类听写练习、附录。本书可以作为英语学习者提高听力理解能力的练习材料,主要为参加大学英语、四六级考试做准备。 | |
| 410 | 0 | @12001 @aCET710分百篇训练丛书 |
| 606 | 0 | @a英语@Aying yu@x写作@x大学英语水平考试@j教学参考资 |
| 606 | 0 | @a英语@Aying yu@x视听教学@x大学英语水平考试@j教学参考资料 |
| 690 | @aH319.9@v4 | |
| 701 | 0 | @a庞继贤@Apang ji xian@4编 |
| 701 | 0 | @a傅莹@Afu ying@4编 |
| 801 | 0 | @aCN@c20060926 |
| 905 | @a10447@dH319.9@eP317 | |
| 大学英语四级考试听写100篇:新题型版/庞继贤, 傅莹编.-上海:上海外语教育出版社,2006.05 |
| 194页:图;26cm.-(CET710分百篇训练丛书) |
| ISBN 7-81095-989-1:CNY17.00 |
| 本书分为三部分:听力技能的讲解及相应技能的训练、各类听写练习、附录。本书可以作为英语学习者提高听力理解能力的练习材料,主要为参加大学英语、四六级考试做准备。 |
| ● |
| 相关链接 |
|
|
|
正题名:大学英语四级考试听写100篇
索取号:H319.9/P317
 
预约/预借
| 序号 | 登录号 | 条形码 | 馆藏地/架位号 | 状态 | 备注 |
| 1 | 220770 | 202207708 | 语言库209/209语言库 105排2列4层/ [索取号:H319.9/P317] | 在馆 | |
| 2 | 220771 | 202207717 | 语言库209/209语言库 105排2列4层/ [索取号:H319.9/P317] | 在馆 | |
| 3 | 220772 | 202207726 | 语言库209/209语言库 105排2列4层/ [索取号:H319.9/P317] | 在馆 |